Statistics for Top 20 Countries by population

Click here to take the quiz!

General Stats

  • This quiz has been taken 57 times
  • The average score is 18 of 20

Answer Stats

Population#Country% Correct
1,409,517,3981China
100%
324,459,4633United States
100%
1,339,180,1272India
100%
143,989,7549Russia
98%
127,484,45011Japan
98%
209,288,2785Brazil
96%
263,991,3794Indonesia
96%
129,163,27610Mexico
95%
82,114,22416Germany
93%
197,015,9556Pakistan
91%
97,553,15214Egypt
91%
69,037,51320Thailand
89%
190,886,3117Nigeria
88%
95,540,80015Vietnam
88%
81,162,78818Iran
88%
104,957,43812Ethiopia
84%
80,745,02019Turkey
84%
164,669,7518Bangladesh
82%
81,339,98817D.R. Congo
77%
104,918,09013Philippines
73%

Score Distribution

Percentile by Number Answered

Percent of People with Each Score

Your Score History

You have not taken this quiz